[Event "Mittelfranken-chTB2a 1011"]
[Site "Germany"]
[Date "2011.03.13"]
[Round "7.5"]
[White "Braun, Michael1"]
[Black "Derbsch, Rudolf"]
[Result "0-1"]
[WhiteElo "1849"]
[BlackElo "1625"]
[PlyCount "92"]
[EventDate "2010.09.26"]
[EventType "team-tourn"]
[EventRounds "9"]
[EventCountry "GER"]
[SourceTitle "EXT 2012"]
[Source "ChessBase"]
[SourceDate "2011.11.24"]
[SourceVersion "1"]
[SourceVersionDate "2011.11.24"]
[SourceQuality "1"]
[WhiteTeam "Buechenbach/Roth III"]
[BlackTeam "Wilhermsdorf/Langenzenn"]
[WhiteTeamCountry "GER"]
[BlackTeamCountry "GER"]

1. c4 e5 2. g3 Nc6 3. Bg2 d6 4. Nc3 Be7 5. e3 Nf6 6. d4 exd4 7. exd4 0-0 8. Nge2 Bd7 9. 0-0 Qc8 10. Nf4 Nd8 11. Re1 Ne6 12. Nfd5 Bd8 13. Be3 Re8 14. Qd2 Ng4 15. Nf4 Nxe3 16. fxe3 Bg5 17. Ne4 Nxf4 18. exf4 Bh6 19. Rac1 Bh3 20. Nf6+ gxf6 21. Rxe8+ Qxe8 22. Bxh3 c6 23. Bf5 Kg7 24. Re1 Qd8 25. Re3 d5 26. cxd5 Qxd5 27. Qd3 Rd8 28. Re7 Qxa2 29. Rxb7 c5 30. Bxh7 Kf8 31. Qf5 Qd5 32. dxc5 Qxb7 33. Qxf6 Qd5 34. Qxh6+ Ke8 35. Qg5 Qd1+ 36. Kg2 Rd2+ 37. Kh3 Qf1+ 38. Kg4 Qe2+ 39. Kh4 Qxh2+ 40. Kg4 Qe2+ 41. Kh4 Qh2+ 42. Kg4 Qxh7 43. Qe5+ Kd7 44. c6+ Kc8 45. Qa5 Qg6+ 46. Kf3 Rd3+ 0-1

[Event "Mittelfranken-chTB2a 1011"]
[Site "Germany"]
[Date "2011.02.13"]
[Round "6.4"]
[White "Derbsch, Rudolf"]
[Black "Corral, Carlos"]
[Result "0-1"]
[WhiteElo "1625"]
[BlackElo "1904"]
[PlyCount "46"]
[EventDate "2010.09.26"]
[EventType "team-tourn"]
[EventRounds "9"]
[EventCountry "GER"]
[SourceTitle "EXT 2012"]
[Source "ChessBase"]
[SourceDate "2011.11.24"]
[SourceVersion "1"]
[SourceVersionDate "2011.11.24"]
[SourceQuality "1"]
[WhiteTeam "Wilhermsdorf/Langenzenn"]
[BlackTeam "Nuernberg NT V"]
[WhiteTeamCountry "GER"]
[BlackTeamCountry "GER"]

1. e4 c5 2. Nf3 Nc6 3. d4 cxd4 4. Nxd4 g6 5. Be3 Nf6 6. Nc3 Bg7 7. Be2 0-0 8. Qd2 d5 9. Nxc6 bxc6 10. 0-0-0 Be6 11. e5 Nd7 12. f4 Qa5 13. Qd4 Rfb8 14. Qa4 Qc7 15. g4 a5 16. a3 Qb7 17. b3 c5 18. Qb5 Qc7 19. Qd3 d4 20. Nb5 Rxb5 21. Qxb5 dxe3 22. Rhf1 a4 23. f5 Qxe5 0-1

[Event "Mittelfranken-chTB2a 1011"]
[Site "Germany"]
[Date "2010.10.17"]
[Round "2.5"]
[White "Schneider, Norbert"]
[Black "Derbsch, Rudolf"]
[Result "1/2-1/2"]
[WhiteElo "1702"]
[BlackElo "1625"]
[PlyCount "55"]
[EventDate "2010.09.26"]
[EventType "team-tourn"]
[EventRounds "9"]
[EventCountry "GER"]
[SourceTitle "EXT 2012"]
[Source "ChessBase"]
[SourceDate "2011.11.24"]
[SourceVersion "1"]
[SourceVersionDate "2011.11.24"]
[SourceQuality "1"]
[WhiteTeam "Kirchehrenbach/Ebermannstadt"]
[BlackTeam "Wilhermsdorf/Langenzenn"]
[WhiteTeamCountry "GER"]
[BlackTeamCountry "GER"]

1. Nf3 d5 2. d4 Nf6 3. c4 e6 4. Nc3 c6 5. Bg5 Nbd7 6. e3 b6 7. Be2 Bd6 8. a3 0-0 9. 0-0 Re8 10. b4 dxc4 11. Bxc4 Bb7 12. e4 e5 13. Qb3 Qe7 14. d5 b5 15. Be2 cxd5 16. exd5 e4 17. Bxf6 Nxf6 18. Ne1 Qe5 19. g3 Rec8 20. Nxb5 Qxa1 21. Nxd6 Rc1 22. Nc2 Rxf1+ 23. Bxf1 Bxd5 24. Nxa1 Bxb3 25. Nxb3 Rd8 26. Nf5 Kf8 27. Kg2 Nd5 28. Nc5 1/2-1/2